| 000 | 00000nam##2200000za#4500 |
| 001 | 9.692714 |
| 003 | CaOODSP |
| 005 | 20210624233334 |
| 007 | cr ||||||||||| |
| 008 | 150407|2003||||xxc|||||o f|0| 0 eng|d |
| 040 | |aCaOODSP|beng |
| 043 | |an-cn--- |
| 086 | 1 |aCH4-68/2003E-PDF |
| 110 | 1 |aCanada. |bCanadian Heritage. |
| 245 | 10|aTrade routes : |h[electronic resource]|bopening doors for Canadian arts and cultural exports |
| 260 | |aHull - Quebec : |bCanadian Heritage |cc2003. |
| 300 | |a10p. |
| 500 | |aThe catalogue number (CH4-68/2003) and ISBN (0-662-67067-1) for the bilingual print edition have been incorrectly copied in this electronic publication. |
| 590 | |a10-10-Supp|b2010-11-09 |
| 690 | 07|aArts|2gcpds |
| 690 | 07|aCulture|2gcpds |
| 690 | 07|aTrade|2gcpds |
| 775 | 08|tRoutes commerciales : |w(CaOODSP)9.636935 |
| 776 | 0#|tTrade routes : |w(CaOODSP)9.664329 |
| 776 | 0#|tRoutes commerciales : |w(CaOODSP)9.664330 |
| 856 | 40|ahttp://publications.gc.ca|qPDF|s1340 KB|uhttps://publications.gc.ca/collections/Collection/CH4-68-2003E.pdf |